Python Fundamentals /

A practical guide for learning Python, complete with real-world projects for you to explore About This Video A comprehensive introduction to the world of Python programming Paves an easy-to-follow path for you to navigate through concepts Filled with practical demos to reinforce your learning In Det...

Full description

Bibliographic Details
Main Author: Dedic, Sanjin (Author)
Corporate Author: Safari, an O'Reilly Media Company
Format: eBook
Language:English
Published: Packt Publishing, 2018.
Edition:1st edition.
Subjects:
Online Access:Connect to this electronic resource

MARC

Tag First Indicator Second Indicator Subfields
LEADER 00000ugm a2200000 a 4500
001 in00004261021
005 20260122210058.7
006 m o d
007 cr cn
008 190219s2018 xx v eng
020 |z 9781789806892 
035 |a (CaSebORM)9781789806892 
040 |d UtOrBLW 
041 0 |a eng 
100 1 |a Dedic, Sanjin,  |e author. 
245 1 0 |a Python Fundamentals /  |c Dedic, Sanjin. 
250 |a 1st edition. 
264 1 |b Packt Publishing,  |c 2018. 
300 |a 1 online resource (1 video file, approximately 9 hr., 39 min.) 
336 |a two-dimensional moving image  |b tdi  |2 rdacontent 
337 |a computer  |b c  |2 rdamedia 
338 |a online resource  |b cr  |2 rdacarrier 
347 |a video file 
520 |a A practical guide for learning Python, complete with real-world projects for you to explore About This Video A comprehensive introduction to the world of Python programming Paves an easy-to-follow path for you to navigate through concepts Filled with practical demos to reinforce your learning In Detail After a brief history of Python and key differences between Python 2 and Python 3, you'll understand how Python has been used in applications such as YouTube and Google App Engine. As you work with the language, you'll learn about control statements, delve into controlling program flow and gradually work on more structured programs via functions. As you settle into the Python ecosystem, you'll learn about data structures and study ways to correctly store and represent information. By working through specific examples, you'll learn how Python implements object-oriented programming (OOP) concepts of abstraction, encapsulation of data, inheritance, and polymorphism. You'll be given an overview of how imports, modules, and packages work in Python, how you can handle errors to prevent apps from crashing, as well as file manipulation. By the end of this course, you'll have built up an impressive portfolio of projects and armed yourself with the skills you need to tackle Python projects in the real world. 
533 |a Electronic reproduction.  |b Boston, MA :  |c Safari,  |n Available via World Wide Web.  |d 2019. 
538 |a Mode of access: World Wide Web. 
542 |f Copyright © Packt Publishing  |g 2019 
588 |a Online resource; Title from title screen (viewed February 12, 2018) 
500 |a Videorecording. 
655 7 |a Electronic videos.  |2 local 
710 2 |a Safari, an O'Reilly Media Company. 
856 4 0 |u https://proxy.library.tamu.edu/login?url=https://go.oreilly.com/TAMU/library/view/-/9781789806892/?ar  |z Connect to this electronic resource  |t 0 
999 f f |s d213b3f2-bff5-3175-9fd4-876802018908  |i 19c3832c-3d24-3c98-a8e5-15f3f62a2a0e  |t 0 
952 f f |a Texas A&M University  |b College Station  |c Electronic Resources  |s www_evans  |d Available Online  |t 0  |h No information provided 
998 f f |t 0  |l Available Online